000 00559nam a2200169Ia 4500
008 140609s9999 xx 000 0 und d
020 _a9789715845465
050 _aRJ 50
_b.In8a [2009]
245 _aIMCI :
_bintegrated management of childhood illness.
260 _aQuezon City, Philippines :
_bC&E Publishing, Inc.,
_c[c2009?]
300 _a72 p. :
_bill. (some col.) ;
_c22x28 cm.
521 _aNUR
650 _aChildren
_xDiseases -- Handbook, manuals, etc.
650 _aChildren
_xDiseases -- Philippines.
942 _kLOC
_cBK
999 _c118233
_d118233